|
|
|
|
| LEADER |
00722cam a2200169 7i4500 |
| 001 |
0000052407 |
| 005 |
20190423090000.0 |
| 020 |
|
|
|a 9789670390222 (hbk.)
|
| 090 |
0 |
0 |
|a BP173.6
|b .S64 2013
|
| 245 |
0 |
0 |
|a Sejarah dan perkembangannya hingga kini (2013) :
|b sempena majlis sambutan tiga abad pentadbiran hal ehwal Islam di negeri Terengganu
|c disusun oleh Haji Omar Musa.
|
| 260 |
|
|
|a Terengganu:
|b Majlis Agama Islam dan Adat Melayu Terengganu,
|c 2013.
|
| 300 |
|
|
|a 407 p.:
|b col. ill.;
|c 30 cm.
|
| 650 |
0 |
0 |
|a Islam --
|y 1708-2013 --
|z Terengganu
|
| 650 |
0 |
0 |
|a Islam and state --
|x History --
|z Terengganu
|
| 650 |
0 |
0 |
|a Islamic law --
|z Terengganu
|
| 700 |
0 |
|
|a Omar Musa
|
| 999 |
|
|
|a 0000063777
|b BOK
|c OPEN SHELF
|e 1st Floor, Bestari Jaya
|